00984nam a2200265 i 450000100060000000300090000600500170001500700030003200800410003502000180007608000140009410000330010824501950014125000260033626000320036230000290039449000450042350000460046865000270051470000230054170000370056470000440060183000420064585200310068786256ES-MaACL20251112164244.0t|041220s2004 sp ||||1| spa d a84-7914-726-1 a(031)"06"0 aIsidoro de Sevilla, cSanto.10aEtimologías / cSan Isidoro de Sevilla ; texto latino, versión española y notas por José Oroz Reta y Manuel-A. Marcos Casquero ; introducción general por Manuel C. Díaz y Díaz. aEdición bilingüe. aMadrid : bB.A.C., c[2004] aVIII, 1465 p. ; c19 cm.1 aBiblioteca de autores cristianos ; v647 aTexto latino y traducción en español. 4aEnciclopedias-yS.VII.1 aOroz Reta, José.1 aMarcos Casquero, Manuel Antonio.1 aDíaz y Díaz, Manuel C., d1924-200800aBiblioteca de autores cristianosv647 aES-MaACLjJ-634 bR.134850